000 00226 a2200097 4500
001 13278
100 _aAbul Ala Mawdudi
245 _aTowards understanding islam
260 _a
_bThe islamic foundation
_c
090 _c10275
_d10275
942 _aNUST-CAE
_cM
_c309
999 _c248351
_d248351